| 000 | 01056nas a2200349 4500 | ||
|---|---|---|---|
| 001 | BR2015006042 | ||
| 003 | BR-BrBNA | ||
| 005 | 20231205125833.0 | ||
| 007 | ta | ||
| 008 | 230509b bl.|||p| |||| 00| 00por d | ||
| 040 |
_aBR-BrBNA _bpor _cBiblioteca Nacional de Agricultura |
||
| 041 | _a(Pt) | ||
| 072 | _aF08 | ||
| 100 | 1 | _aZucchi, M.R. | |
| 100 | 1 | _aPerinazzo, F.K. | |
| 100 | 1 | _aPeixoto, N. | |
| 100 | 1 | _aMendanha, W.R. | |
| 100 | 1 | _aZatarim, M.A. | |
| 245 | 1 | _aAssociação das culturas de quiabo e feijão-caupi | |
| 650 | _aQUIABO | ||
| 650 | _aFEIJAO DE CORDA | ||
| 650 | _aABELMOSCHUS ESCULENTUS | ||
| 650 | _aVIGNA UNGUICULATA | ||
| 650 | _aCONSORCIACAO DE CULTURA | ||
| 650 | _aSISTEMA DE CULTIVO | ||
| 650 | _aRENDIMENTO | ||
| 650 | _aANALISE COMPARATIVA | ||
| 773 | 0 |
_tRevista Agrotecnologia (Brazil) _xISSN 2179-5959 _g(2012), v. 3(2) p. 12-23 _wBR2015006042 |
|
| 856 | 4 | 0 | _uhttp://www.revista.ueg.br/index.php/agrotecnologia/article/view/403/pdf |
| 909 |
_a202311 _bLúcia _c55 _dLúcia Elande |
||
| 942 |
_2AGRIS _n0 _cANA |
||
| 999 |
_c246436 _d246436 |
||